000
00180 a2200097 4500
020
_a
9781338299328
041
_a
spa
100
_a
korman gordon
245
_a
holgazan
942
_c
BK
999
_c
31617
_d
31615